000 00893nam a2200265Ia 4500
003 OSt
005 20220923211043.0
006 a|||||r|||| 00| 0
007 ta
008 220922b |||||||| |||| 00| 0 hin d
020 _a8174530401 (hbk)
024 _a158,553
037 _cTextual
040 _aARTS
_cARTS
_bhin
041 _2hin
_ahin
082 _aO152,2M89:g, P0
100 _aआनन्द, कंचनलता
_9156279
245 0 _aप्रसाद तथा राय की मूल्य चेतना
246 _aPrasād tathā rāya kī mūlya chetanā
260 _aदिल्ली
_b संजय प्रकाशन
_c2000
300 _a240 पृ.
_ccm.
650 _aहिन्दी साहित्य
_9156264
942 _hO152,2M89:g, P0
_cTEXL
_2CC
999 _c294579
_d294579